[Event "Cannes Carlton op"]
[Site "Cannes"]
[Date "2001.07.30"]
[Round "3"]
[White "Govciyan, Pavel"]
[Black "Kosteniuk, Alexandra"]
[Result "1-0"]
[WhiteElo "2265"]
[BlackElo "2440"]
[PlyCount "125"]
[EventDate "2001.07.28"]
[EventType "swiss"]
[EventRounds "6"]
[EventCountry "FRA"]
[SourceTitle "EXT 2005"]
[Source "ChessBase"]
[SourceDate "2004.11.15"]
[SourceVersion "1"]
[SourceVersionDate "2004.11.15"]
[SourceQuality "1"]

1. d4 f5 2. c4 Nf6 3. g3 g6 4. Bg2 Bg7 5. Nc3 d6 6. Nh3 Nc6 7. d5 Ne5 8. f4
Ned7 9. O-O O-O 10. Rb1 Nc5 11. Nf2 a5 12. Re1 e5 13. fxe5 dxe5 14. e4 f4 15.
gxf4 exf4 16. e5 Nfd7 17. e6 Ne5 18. Nce4 Qe7 19. b3 Rb8 20. Bb2 Rf5 21. d6
cxd6 22. Qxd6 Qxd6 23. Nxd6 Rg5 24. Bxe5 Bxe5 25. Nf7 Rxg2+ 26. Kxg2 Bc7 27. e7
Bd7 28. Nd8 Bxd8 29. e8=Q+ Bxe8 30. Rxe8+ Kf7 31. Rbe1 Nd7 32. Nh3 g5 33. Rh8
Nf8 34. Re5 Ng6 35. Rxd8 Rxd8 36. Nxg5+ Kf6 37. Rxa5 Rd2+ 38. Kh3 Kg7 39. Rb5
Rd7 40. Kg4 Re7 41. Nf3 Re2 42. a4 Rg2+ 43. Kf5 Rf2 44. Rxb7+ Kh6 45. Ng5 Nh4+
46. Kg4 Ng2 47. Nf3 Kg6 48. Rb6+ Kg7 49. Rb5 Kg6 50. Rg5+ Kf6 51. a5 h6 52. Rc5
Kg6 53. b4 h5+ 54. Rxh5 Ne3+ 55. Kxf4 Kxh5 56. Kxe3 Ra2 57. Kd4 Kg4 58. Ne5+
Kf5 59. Nc6 Ke6 60. Kc5 Kd7 61. b5 Rxh2 62. a6 Rh8 63. Kb6 1-0

[Event "Cannes Carlton op"]
[Site "Cannes"]
[Date "2001.08.02"]
[Round "6"]
[White "Kosteniuk, Alexandra"]
[Black "Trabert, Bettina"]
[Result "1-0"]
[WhiteElo "2440"]
[BlackElo "2227"]
[PlyCount "103"]
[EventDate "2001.07.28"]
[EventType "swiss"]
[EventRounds "6"]
[EventCountry "FRA"]
[SourceTitle "EXT 2005"]
[Source "ChessBase"]
[SourceDate "2004.11.15"]
[SourceVersion "1"]
[SourceVersionDate "2004.11.15"]
[SourceQuality "1"]

1. e4 e5 2. Nf3 Nc6 3. Bb5 a6 4. Ba4 Nf6 5. O-O Be7 6. Re1 b5 7. Bb3 d6 8. c3
O-O 9. h3 Nb8 10. d4 Nbd7 11. Nbd2 Bb7 12. Bc2 Re8 13. Nf1 Bf8 14. Ng3 g6 15.
a4 c5 16. d5 c4 17. Bg5 h6 18. Be3 Nc5 19. Qd2 h5 20. Bg5 Be7 21. Ra3 Nh7 22.
Be3 Qc7 23. Rea1 Nf6 24. Bg5 Nh7 25. Bh6 Rab8 26. Ne2 Bc8 27. axb5 axb5 28. Nc1
Bd7 29. Be3 Rec8 30. Ra7 Qd8 31. Ne2 Bf6 32. Nh2 Rc7 33. R7a3 Bg5 34. f4 exf4
35. Bxf4 Bxf4 36. Nxf4 Bc8 37. Nf3 Re7 38. Re1 Nd7 39. Nd4 Ne5 40. Qf2 Qb6 41.
Rf1 Bd7 42. Kh1 Rbe8 43. Nc6 Qxf2 44. Nxe7+ Rxe7 45. Rxf2 Kg7 46. Ra6 Nf6 47.
Rxd6 Nd3 48. Bxd3 cxd3 49. Rxf6 Kxf6 50. Nxd3+ Kg5 51. Nc5 f5 52. d6 1-0

[Event "CHN-RUS Summit Juniors 1st"]
[Site "Shanghai"]
[Date "2001.09.07"]
[Round "1"]
[White "Kosteniuk, Alexandra"]
[Black "Xu, Yuanyuan"]
[Result "1-0"]
[WhiteElo "2440"]
[BlackElo "2431"]
[Annotator "Lukacs,P"]
[PlyCount "71"]
[EventDate "2001.09.07"]
[EventType "schev"]
[EventRounds "6"]
[EventCountry "CHN"]
[SourceTitle "CBM 085"]
[Source "ChessBase"]
[SourceDate "2001.11.13"]
[SourceVersion "1"]
[SourceVersionDate "2001.11.13"]
[SourceQuality "1"]

1. e4 {[%mdl 128]} c6 2. d4 d5 3. Nd2 dxe4 4. Nxe4 Bf5 5. Ng3 Bg6 6. h4 h6 7.
Nf3 Nf6 8. Ne5 Bh7 9. Bd3 Nbd7 10. Bxh7 Nxe5 (10... Nxh7 {- Akesson-Rausis,
Schacknytt GM Upplands Vasby SWE 2000 CBM 81}) 11. dxe5 (11. Bf5 {White has
won the ^^, but in itself is not a big deal in this CK structure.} Ned7 12. Qe2
(12. Bf4 $6 {wants to take control over the important h2-b8 /^, but allows a
double -> after} e6 13. Bd3 Qb6 $15 {>< b2,d4}) (12. c3 {clears the way for
the retreat.} e6 13. Bc2 Bd6 14. Qf3 Qc7 (14... Qb6 15. O-O O-O {The K is
vulnerable on the >>, because White's ^^ controls the vital diagonals.} 16. Ne4
Nxe4 17. Qxe4 Nf6 18. Qf3 Qd8 19. g3 Re8 20. Be3 Bf8 21. c4 $14 {Jaracz-Yates
Doerr, Biel MTO open 2000}) 15. Ne4 Nxe4 16. Qxe4 Nf6 17. Qf3 O-O-O $11 {
and here White's ^^ is less effective.}) (12. O-O {In this case h4 can only be
a target.} e6 13. Re1 Qc7 (13... Be7 14. Bd3 O-O 15. c3 c5 $11) 14. Bd3 O-O-O
$13) (12. Bd3 e6 13. Qe2 {- 12.Qe2}) 12... e6 13. Bd3 (13. Bd2 {White wants to
castle <<.} Be7 14. Bh3 {This is a computer-like move! The B has no
perspectives here if a sacrifice on e6 is not possible.} O-O 15. O-O-O c5 16.
dxc5 Bxc5 17. Ne4 Nxe4 18. Qxe4 Nf6 19. Qf3 Qd5 20. Qxd5 Nxd5 $11 {Junior6.
0-Ganbit Tiger 1.0, Computer Chess Match Tournament 2001}) (13. c3 Bd6) 13...
Be7 (13... Qc7 14. Bd2 O-O-O 15. O-O-O c5 16. dxc5 Nxc5 {exchanging the
important light-squared B.} 17. Be3 Bd6 18. Kb1 Bf4 19. Bxc5 Qxc5 20. Ne4 Nxe4
$11 {Fontaine-Magem Badals, FRA-chT 1998}) (13... Qa5+ 14. c3 (14. Bd2 $6 Qd5)
14... O-O-O) 14. c3 $5 (14. Bd2 {is again met by the double ->} Qb6 15. c3 Qxb2
16. O-O Qb6 17. Rae1 O-O 18. Nf5 exf5 19. Qxe7 c5 20. Rb1 Qc6 21. Bb5 Qc8 22.
Rfe1 a6 23. Bxd7 Nxd7 24. dxc5 Nxc5 25. Be3 Ne6 26. Rxb7 Qxc3 $17 {Zimina-Xu
Yuanyuan, WJun Women Athens GRE 2001})) 11... Qa5+ (11... Qxd1+ 12. Kxd1 Nxh7 (
12... Ng4 $6 {loses material after} 13. Be4 Nxf2+ 14. Ke2 Nxh1 15. Nxh1 e6 16.
Be3 $16) 13. e6 $1 $14 {This is White's main idea here hindering Black's
development.}) (11... Nxh7 {is again met by the standard} 12. e6 $1 Qxd1+ 13.
Kxd1 O-O-O+ 14. Ke2 fxe6 15. Be3 Kb8 {defending >< a7.} (15... g6 16. Bxa7 Bg7
17. c3) 16. h5 Rg8 17. Rad1 $14 {and the f8 B has still problems with his
development.}) 12. Kf1 Nxh7 13. e6 $5 {This is the consistant try.} (13. Qe2
O-O-O (13... e6 14. Bd2 Qc7 (14... Qb6 15. Bc3) 15. Bc3 (15. Bf4 O-O-O 16. Ne4
{exploiting the weakness of >< d6.} Nf6 $1 17. Nd6+ Bxd6 18. exd6 Qa5 19. Rh3
Nd5 20. Bh2 $14 {still holding the annoying o^ d6.}) 15... O-O-O 16. Ne4 Kb8
17. g3 $14) 14. e6 $5 Qd5 (14... fxe6 15. Qxe6+ Rd7 16. c4 Nf6 17. h5 $14 {
and the f8 B remains entombbed.}) 15. exf7 e5 $5 {is a new idea here, for
example:} (15... Qxf7 16. Be3 a6 {- Leko-Bareev, Dortmund Super GM2000 CBM 78}
(16... Kb8 17. Rd1 $16)) 16. Be3 Kb8 17. f3 Nf6 18. Kf2 Qxf7 19. Rhd1 Be7 20.
Nf5 Nd5 21. Nxe7 Qxe7 22. Qc4 Nxe3 23. Kxe3 Rd4 $1 $17 {Gu Xiaobing-Xu
Yuanyuan, WJun Woman Athens GRE 2001}) 13... Qb5+ $6 (13... fxe6 {immediately
was more to the point.} 14. Qe2 (14. Qg4 Kf7 (14... Nf6 15. Qxe6 $142 {- 14.Qe2
} (15. Qg6+ {helps only for Black to improve his K's position.} Kd7 16. Be3 (
16. Bf4 Rd8 $13 (16... Qb5+ 17. Kg1)) 16... Kc7 $13 (16... Qb5+ 17. Kg1 {
- 13...Qb5}))) 15. h5 Nf6 16. Qg6+ Kg8) 14... Nf6 (14... Kf7 15. c4 (15. Bd2
Qb5 $1) 15... Nf6 16. Bf4 $44 {/\ Re1 >< e6}) 15. Qxe6 Rd8 16. Ne4 Rd1+ (16...
Qa6+ $5 17. Kg1 $1 (17. c4 {is useless in view of} Rd4 (17... Rd1+ 18. Ke2 $14)
18. Nxf6+ gxf6 $15) 17... Rd1+ (17... Qa4 18. c4 Rd1+ 19. Kh2 Rxh1+ 20. Kxh1
Qd1+ 21. Kh2 {and the white K is in safety.}) 18. Kh2 Rxh1+ 19. Kxh1 Qf1+ 20.
Kh2 Nxe4 21. Qxe4 Qxf2 22. Be3 Qf6 23. Bxa7 $14 {and Black is still facing
with real peoblems of development.}) 17. Ke2 Rd8 (17... Rxh1 $4 {allows the
mate after} 18. Nd6+ Kd8 19. Qc8#) (17... Rd4 18. Nxf6+ gxf6 19. Qc8+ Rd8 20.
Qxb7 Qa4 21. Be3 $14) 18. Nxf6+ (18. Be3 Qh5+ $1 (18... Qb5+ 19. Kf3 $1) 19.
Ke1 (19. f3 Qb5+) 19... Qg6 $1 $13) 18... gxf6 19. c4 (19. Be3 Qb5+) 19... Qh5+
20. g4 Qg6 21. Be3 h5 {/\ Bh6} 22. Rag1 Bh6 23. g5 Qc2+ 24. Kf3 $14) 14. Kg1
fxe6 15. Qg4 Nf6 $6 (15... Kf7 $5 16. c4 $1 (16. h5 Nf6 17. Qg6+ Kg8 18. Kh2 (
18. Rh4 Rd8 $1) 18... Qc4 {/\ Qg4} 19. Re1 Qg4 20. f3 Qh4+ 21. Kg1 Nxh5 $1 22.
Qxe6+ Kh7 $13) 16... Qe5 17. Bf4 (17. h5 Nf6 18. Qg6+ Kg8 19. Rh4 Qe1+ 20. Kh2
Qxf2) 17... Qxb2 18. Re1 Qf6 19. h5 Rd8 20. Bc7 Rd7 21. Bb8 a6 22. Re4 $44 {
and Black is doomed to passivity.}) 16. Qg6+ $1 {keeping the bad e6 P alive,
because this hinders Black's development.} (16. Qxe6 Qd5 $11) 16... Kd7 17. Be3
$1 $44 Kc7 (17... Qxb2 $6 {is too greedy opening up more lines for the white
rooks.} 18. Rd1+ (18. Kh2 Kc7) 18... Kc7 19. Bd4 Qxa2 20. Be5+ Kb6 (20... Kc8
$2 21. Bxf6 $18) 21. c4 $1 Qxc4 (21... a5 $2 22. Qd3 $18) 22. Rb1+ Ka6 23. Ra1+
Kb6 24. Qb1+ Qb5 25. Qe1 $16) 18. Kh2 Qc4 19. Rhd1 $1 Qxh4+ (19... Qg4 {
is not escape from trouble either:} 20. Qf7 Qxh4+ 21. Kg1 Qc4 (21... Ng4 $2 22.
Qxe6 Qh2+ 23. Kf1 Nxe3+ 24. fxe3 $1 Qxg3 25. Rd7+ $18) 22. Nf5 $1 Nd5 23. Qxe6
$16) 20. Kg1 Qg4 21. Qf7 {White has sacrificed already 2 pawns, but Black's
undeveloped pieces are pathetic.} Rd8 (21... e5 22. Bc5) 22. Rxd8 Kxd8 23. Bxa7
Nd7 24. Re1 e5 (24... Qa4 25. Be3 $44) (24... b6 $6 {Black is fighting against
the "trapped" B.} 25. c4 $1 (25. Ne2 $6 Qf5 $1) 25... Qxc4 (25... Kc7 26. Qe8
$1 Qd4 (26... g6 27. Ne4 $1 Bg7 28. Bxb6+ $1 Nxb6 29. Qxe7+ Nd7 30. Nc5 $18)
27. c5 $1 b5 (27... bxc5 28. Ne4 g6 29. Nxc5 $18) (27... Qxc5 28. Rd1 $18) 28.
Qa8 $1 Qd2 29. Bb6+ $1 $18) 26. Nh5 $1 Kc7 27. Nf4 $16) 25. Be3 $1 (25. Ne4 e6
$1 26. f3 Qf5) 25... e6 {[#] Now Black has the first chance to develop his B
in the game, but there is no time for that!} (25... Kc7 26. Ne4 $1 {with a
successful blockade.} e6 27. f3 Qf5 28. Qe8 Nf6 (28... Bb4 $2 29. Qxh8 Bxe1 30.
Qxg7 $18) 29. Nxf6 Qxf6 30. Rd1 Qe7 31. Qa8 $18) 26. f3 $1 Qb4 (26... Qxg3 27.
Rd1 Bd6 28. Bf2 $1 ({Avoiding the perpetual checks after} 28. Rxd6 $2 Qe1+ 29.
Kh2 Qh4+ $11) 28... Qf4 29. Qxe6 Qf6 30. Rxd6 Qxe6 31. Rxe6 $16) 27. Rd1 Qe7 (
27... Bd6 $2 28. a3 $18) 28. Qh5 {and the poor B cannot make a move again...}
Kc7 (28... Qf6 29. Bb6+ Ke7 30. Ne4 Qf5 31. Qh4+ g5 32. Qe1 Nxb6 33. Qb4+ Kf7
34. Qxb6 $16) (28... Kc8 29. Ne4 Rg8 30. Qg6 $16) 29. Ne4 Rg8 (29... Kb8 30. c4
Ka8 31. b4 $1 Qxb4 32. Rxd7 Qe1+ 33. Kh2 Qxe3 34. Qe8+ Ka7 35. Qc8 $18) 30. Qg6
$1 $18 {and the B remains imprisoned.} Nf6 31. Nxf6 Qxf6 32. Qe8 Qe7 33. Qa8 c5
34. b4 Qh4 35. bxc5 e4 36. Rb1 {Black had no time to use his B in this game!}
1-0

[Event "CHN-RUS Summit Juniors 1st"]
[Site "Shanghai"]
[Date "2001.09.08"]
[Round "2"]
[White "Kosteniuk, Alexandra"]
[Black "Bu, Xiangzhi"]
[Result "1/2-1/2"]
[WhiteElo "2440"]
[BlackElo "2553"]
[PlyCount "68"]
[EventDate "2001.09.07"]
[EventType "schev"]
[EventRounds "6"]
[EventCountry "CHN"]
[SourceTitle "CBM 085"]
[Source "ChessBase"]
[SourceDate "2001.11.13"]
[SourceVersion "1"]
[SourceVersionDate "2001.11.13"]
[SourceQuality "1"]

1. e4 c5 2. Nf3 Nc6 3. d4 cxd4 4. Nxd4 Nf6 5. Nc3 d6 6. Bg5 e6 7. Qd2 a6 8.
O-O-O Bd7 9. f4 b5 10. Bxf6 gxf6 11. Nxc6 Bxc6 12. Qe1 Be7 13. f5 Qb6 14. Kb1
Qc5 15. Bd3 h5 16. Ne2 e5 17. h4 a5 18. Ng3 Kd7 19. Be2 Rag8 20. Bf3 a4 21.
Nxh5 a3 22. b4 Qc4 23. g4 Bb7 24. Qd2 d5 25. exd5 Rxg4 26. Bxg4 Qxg4 27. Rhg1
Qxh5 28. Qd3 Ba6 29. d6 Bd8 30. Rg7 Kc8 31. d7+ Kb8 32. Rdg1 Qxh4 33. Qxa3 Qd4
34. Qxa6 Qxb4+ 1/2-1/2

[Event "CHN-RUS Summit Juniors 1st"]
[Site "Shanghai"]
[Date "2001.09.09"]
[Round "3"]
[White "Ni, Hua"]
[Black "Kosteniuk, Alexandra"]
[Result "0-1"]
[WhiteElo "2568"]
[BlackElo "2440"]
[PlyCount "80"]
[EventDate "2001.09.07"]
[EventType "schev"]
[EventRounds "6"]
[EventCountry "CHN"]
[SourceTitle "CBM 085"]
[Source "ChessBase"]
[SourceDate "2001.11.13"]
[SourceVersion "1"]
[SourceVersionDate "2001.11.13"]
[SourceQuality "1"]

1. e4 c5 2. Nf3 d6 3. d4 cxd4 4. Nxd4 Nf6 5. Nc3 Nc6 6. Bg5 e6 7. Qd2 a6 8.
O-O-O h6 9. Be3 Bd7 10. f3 b5 11. Nxc6 Bxc6 12. Kb1 Qc7 13. Ne2 Bb7 14. h4 Nd7
15. Nd4 d5 16. Bd3 e5 17. exd5 exd4 18. Bxd4 O-O-O 19. c4 Nc5 20. cxb5 Kb8 21.
bxa6 Bxd5 22. Qc3 Nxd3 23. Qxc7+ Kxc7 24. Rxd3 Be7 25. Rc3+ Kb8 26. Bxg7 Rhg8
27. Bxh6 Rxg2 28. Bf4+ Ka8 29. Rh2 Rxh2 30. Bxh2 Bxh4 31. Be5 Ka7 32. a4 Be1
33. Rc7+ Kxa6 34. Kc2 Bxf3 35. b4 f5 36. b5+ Kb6 37. Rc4 Rd2+ 38. Kc1 Rd5 39.
Bd4+ Kb7 40. Be3 Rd3 0-1

[Event "CHN-RUS Summit Juniors 1st"]
[Site "Shanghai"]
[Date "2001.09.10"]
[Round "4"]
[White "Kosteniuk, Alexandra"]
[Black "Ni, Hua"]
[Result "1/2-1/2"]
[WhiteElo "2440"]
[BlackElo "2568"]
[PlyCount "114"]
[EventDate "2001.09.07"]
[EventType "schev"]
[EventRounds "6"]
[EventCountry "CHN"]
[SourceTitle "CBM 085"]
[Source "ChessBase"]
[SourceDate "2001.11.13"]
[SourceVersion "1"]
[SourceVersionDate "2001.11.13"]
[SourceQuality "1"]

1. e4 c5 2. Nf3 Nc6 3. d4 cxd4 4. Nxd4 Nf6 5. Nc3 e5 6. Ndb5 d6 7. Bg5 a6 8.
Na3 b5 9. Bxf6 gxf6 10. Nd5 f5 11. c3 Bg7 12. exf5 Bxf5 13. Nc2 O-O 14. Nce3
Bg6 15. h4 Be4 16. h5 Qg5 17. Be2 h6 18. Bf3 Bh7 19. Nf6+ Qxf6 20. Bxc6 Rac8
21. Bb7 Rb8 22. Bd5 Qg5 23. a4 b4 24. Bc4 bxc3 25. bxc3 Kh8 26. O-O f5 27. f4
exf4 28. Nd5 Be5 29. Qf3 Rg8 30. Ra2 Qh4 31. Qf2 Rg3 32. Nxf4 Bxc3 33. Ra3 Rb2
34. Be2 Qg5 35. Rc1 Rb4 36. Rcxc3 Rxc3 37. Rxc3 Rxf4 38. Bf3 Bg8 39. Rc8 Qg7
40. Qe3 Rd4 41. Ra8 f4 42. Qb3 Rc4 43. Qd1 Rd4 44. Qb3 Qg3 45. Qc3 Qg7 46. Rc8
Qe5 47. Kh2 Kg7 48. Qc7+ Kh8 49. Qc3 Kg7 50. Ra8 Bc4 51. Qb2 Qf6 52. Ra7+ Bf7
53. Qc3 Qh4+ 54. Kg1 Qf6 55. Kh2 Qh4+ 56. Kg1 Qf6 57. Kh2 Qh4+ 1/2-1/2

[Event "CHN-RUS Summit Juniors 1st"]
[Site "Shanghai"]
[Date "2001.09.11"]
[Round "5"]
[White "Bu, Xiangzhi"]
[Black "Kosteniuk, Alexandra"]
[Result "1/2-1/2"]
[WhiteElo "2553"]
[BlackElo "2440"]
[PlyCount "113"]
[EventDate "2001.09.07"]
[EventType "schev"]
[EventRounds "6"]
[EventCountry "CHN"]
[SourceTitle "CBM 085"]
[Source "ChessBase"]
[SourceDate "2001.11.13"]
[SourceVersion "1"]
[SourceVersionDate "2001.11.13"]
[SourceQuality "1"]

1. d4 d5 2. c4 c6 3. Nf3 e6 4. Qc2 dxc4 5. Qxc4 Nf6 6. Nc3 b5 7. Qd3 a6 8. e4
Bb7 9. Bg5 Nbd7 10. e5 h6 11. Bd2 Nh7 12. a4 Be7 13. Ne4 O-O 14. b4 a5 15. bxa5
b4 16. Qb1 c5 17. Bd3 Ng5 18. Nfxg5 hxg5 19. O-O cxd4 20. a6 Bxa6 21. Bxa6 Rxa6
22. Bxb4 Bxb4 23. Qxb4 Nxe5 24. Rfd1 d3 25. Rac1 Qa5 26. Qxa5 Rxa5 27. Nxg5
Rxa4 28. g3 Rd8 29. Rc5 Nc4 30. Rxd3 Re8 31. Rd4 Ra1+ 32. Kg2 Nb6 33. Rc7 f6
34. Re7 Raa8 35. Rxe6 fxg5 36. Rxb6 Ra2 37. Rb3 Kh7 38. Rf3 Re6 39. Rd5 Kh6 40.
Rdf5 Kg6 41. h3 Rf6 42. Re5 Rb2 43. Rd5 Ra2 44. g4 Rb2 45. Rff5 Kf7 46. Kg3
Rb3+ 47. f3 Ra3 48. Kf2 Ra2+ 49. Kg3 Ra3 50. Rd6 Ke7 51. Rd4 Rxf5 52. gxf5 Ra1
53. f4 Ra3+ 54. Kg4 gxf4 55. Rxf4 Kf6 56. Rc4 Ra6 57. h4 1/2-1/2

[Event "CHN-RUS Summit Juniors 1st"]
[Site "Shanghai"]
[Date "2001.09.12"]
[Round "6"]
[White "Xu, Yuanyuan"]
[Black "Kosteniuk, Alexandra"]
[Result "1/2-1/2"]
[WhiteElo "2431"]
[BlackElo "2440"]
[PlyCount "84"]
[EventDate "2001.09.07"]
[EventType "schev"]
[EventRounds "6"]
[EventCountry "CHN"]
[SourceTitle "CBM 085"]
[Source "ChessBase"]
[SourceDate "2001.11.13"]
[SourceVersion "1"]
[SourceVersionDate "2001.11.13"]
[SourceQuality "1"]

1. d4 d5 2. c4 c6 3. cxd5 cxd5 4. Nc3 Nf6 5. Bf4 Nc6 6. Nf3 Bf5 7. e3 e6 8. Qb3
Bb4 9. Ne5 Qb6 10. Nxc6 bxc6 11. Be2 Ne4 12. f3 Nxc3 13. bxc3 Be7 14. O-O O-O
15. c4 c5 16. cxd5 Qxb3 17. axb3 exd5 18. Ba6 cxd4 19. exd4 Bf6 20. Ra4 Bd7 21.
Rb4 Bc8 22. Ra1 Bxa6 23. Rxa6 Rfe8 24. Kf1 Rac8 25. Rxa7 g5 26. Bd6 Rc2 27. Rb8
Rxb8 28. Bxb8 Bxd4 29. Rd7 Rf2+ 30. Ke1 Rxg2 31. Rxd5 Be3 32. Be5 f5 33. Rd7 h5
34. b4 f4 35. h3 Kf8 36. Bd6+ Kg8 37. Bc5 g4 38. fxg4 hxg4 39. Bxe3 fxe3 40.
hxg4 Rxg4 41. Rb7 Rg2 42. Re7 Rb2 1/2-1/2

[Event "Chigorin Memorial 09th"]
[Site "St Petersburg"]
[Date "2001.10.26"]
[Round "1"]
[White "Kosteniuk, Alexandra"]
[Black "Lazhevsky, Gleb"]
[Result "1-0"]
[WhiteElo "2455"]
[BlackElo "2240"]
[PlyCount "53"]
[EventDate "2001.10.26"]
[EventType "swiss"]
[EventRounds "9"]
[EventCountry "RUS"]
[SourceTitle "EXT 2002"]
[Source "ChessBase"]
[SourceDate "2001.11.25"]
[SourceVersion "1"]
[SourceVersionDate "2001.11.25"]
[SourceQuality "1"]

1. e4 e5 2. Nf3 d6 3. d4 exd4 4. Nxd4 g6 5. h4 h5 6. Nc3 Bg7 7. Bg5 Ne7 8. Nd5
f6 9. Nxf6+ Bxf6 10. Bxf6 O-O 11. Bc4+ Kh7 12. Bg5 Qe8 13. Ne6 Bxe6 14. Bxe6
Nf5 15. Bxf5 gxf5 16. O-O fxe4 17. Qd5 Qc6 18. Qe6 d5 19. Qe7+ Kg8 20. Be3 Qf6
21. Qxc7 Nc6 22. Qxb7 Rab8 23. Qd7 Rfd8 24. Qh3 Qe5 25. f4 exf3 26. Rxf3 Nd4
27. Qg3+ 1-0

[Event "Chigorin Memorial 09th"]
[Site "St Petersburg"]
[Date "2001.10.27"]
[Round "2"]
[White "Dushenok, Anna"]
[Black "Kosteniuk, Alexandra"]
[Result "0-1"]
[WhiteElo "2194"]
[BlackElo "2455"]
[PlyCount "54"]
[EventDate "2001.10.26"]
[EventType "swiss"]
[EventRounds "9"]
[EventCountry "RUS"]
[SourceTitle "EXT 2002"]
[Source "ChessBase"]
[SourceDate "2001.11.25"]
[SourceVersion "1"]
[SourceVersionDate "2001.11.25"]
[SourceQuality "1"]

1. d4 d5 2. c4 e6 3. Nc3 c6 4. cxd5 exd5 5. Bf4 Bf5 6. e3 Qb6 7. Qd2 Nf6 8. a3
Nbd7 9. Nf3 Ne4 10. Nxe4 Bxe4 11. Ne5 Nf6 12. f3 Bf5 13. Bd3 Be6 14. Be2 Nh5
15. Nd3 Nxf4 16. Nxf4 Bf5 17. Bd3 Bxd3 18. Nxd3 Bd6 19. O-O O-O 20. Kh1 a5 21.
Rae1 Rfe8 22. Qf2 Qb5 23. Rd1 Re7 24. e4 f6 25. Rfe1 Rae8 26. Qh4 Qc4 27. exd5
Qxd3 0-1

[Event "Chigorin Memorial 09th"]
[Site "St Petersburg"]
[Date "2001.10.28"]
[Round "3"]
[White "Kosteniuk, Alexandra"]
[Black "Yevseev, Denis"]
[Result "0-1"]
[WhiteElo "2455"]
[BlackElo "2541"]
[PlyCount "80"]
[EventDate "2001.10.26"]
[EventType "swiss"]
[EventRounds "9"]
[EventCountry "RUS"]
[SourceTitle "EXT 2002"]
[Source "ChessBase"]
[SourceDate "2001.11.25"]
[SourceVersion "1"]
[SourceVersionDate "2001.11.25"]
[SourceQuality "1"]

1. e4 c6 2. d4 d5 3. Nd2 dxe4 4. Nxe4 Bf5 5. Ng3 Bg6 6. h4 h6 7. Nf3 e6 8. Ne5
Bh7 9. Qh5 Qe7 10. Bd3 Bxd3 11. Nxd3 Nf6 12. Qe2 Na6 13. b3 Qc7 14. Bb2 Ba3 15.
Bxa3 Qa5+ 16. b4 Qxa3 17. Qd2 Nd5 18. Rb1 Qxa2 19. O-O Nf6 20. Rb3 Nc7 21. Re1
O-O-O 22. Ne5 Rhf8 23. Qd3 Nb5 24. Ne2 Nd7 25. Nf3 e5 26. d5 Qa6 27. c4 Nd6 28.
Nd2 cxd5 29. Ra3 Qc6 30. cxd5 Qb6 31. Nc3 Kb8 32. Rea1 a6 33. Na4 Qd4 34. Qe2
Rc8 35. Nc5 Nxc5 36. bxc5 Nb5 37. Rb3 Qxa1+ 38. Rb1 Qd4 39. d6 Qxc5 40. Ne4 Qc4
0-1

[Event "Chigorin Memorial 09th"]
[Site "St Petersburg"]
[Date "2001.10.29"]
[Round "4"]
[White "Shamugia, Shavlegi"]
[Black "Kosteniuk, Alexandra"]
[Result "0-1"]
[WhiteElo "2292"]
[BlackElo "2455"]
[PlyCount "96"]
[EventDate "2001.10.26"]
[EventType "swiss"]
[EventRounds "9"]
[EventCountry "RUS"]
[SourceTitle "EXT 2002"]
[Source "ChessBase"]
[SourceDate "2001.11.25"]
[SourceVersion "1"]
[SourceVersionDate "2001.11.25"]
[SourceQuality "1"]

1. e4 c5 2. Nf3 Nc6 3. d4 cxd4 4. Nxd4 Nf6 5. Nc3 d6 6. Bg5 e6 7. Qd2 a6 8.
O-O-O h6 9. Nxc6 bxc6 10. Bf4 d5 11. Qe3 Be7 12. Be2 O-O 13. Qg3 Kh8 14. Bc7
Qd7 15. Be5 Bb7 16. f4 Rg8 17. Qh3 Rgd8 18. f5 exf5 19. exf5 Nh7 20. Ne4 Qe8
21. f6 Bxf6 22. Bxf6 Nxf6 23. Nxf6 Qxe2 24. Rhe1 Bc8 25. Qg3 Qc4 26. b3 Qb4 27.
Qe5 Be6 28. Rd4 Qc3 29. Nh5 f6 30. Nxf6 Bf5 31. Re2 Qa1+ 32. Kd2 Bg6 33. Rg4
Qxe5 34. Rxe5 gxf6 35. Re7 Rg8 36. Rh4 h5 37. Re6 Bf7 38. Rxf6 Rxg2+ 39. Kc3
Bg6 40. Kb4 a5+ 41. Kc5 Rxc2+ 42. Kb6 Kg7 43. Rd6 Rxa2 44. Rh3 Rb8+ 45. Kc7 Rf8
46. Kxc6 Rf6 47. Rxf6 Kxf6 48. Kxd5 Rb2 0-1

[Event "Chigorin Memorial 09th"]
[Site "St Petersburg"]
[Date "2001.10.30"]
[Round "5"]
[White "Kosteniuk, Alexandra"]
[Black "Kornev, Alexei"]
[Result "0-1"]
[WhiteElo "2455"]
[BlackElo "2518"]
[PlyCount "118"]
[EventDate "2001.10.26"]
[EventType "swiss"]
[EventRounds "9"]
[EventCountry "RUS"]
[SourceTitle "EXT 2002"]
[Source "ChessBase"]
[SourceDate "2001.11.25"]
[SourceVersion "1"]
[SourceVersionDate "2001.11.25"]
[SourceQuality "1"]

1. e4 c6 2. d4 d5 3. e5 Bf5 4. Nf3 e6 5. Be2 Nd7 6. O-O h6 7. b3 Ne7 8. Nh4 Bh7
9. f4 c5 10. c3 Nc6 11. Nf3 Rc8 12. Bb2 Be7 13. Rf2 O-O 14. Bd3 Be4 15. Qe2 f5
16. exf6 Nxf6 17. Nbd2 Bxd3 18. Qxd3 cxd4 19. cxd4 Bb4 20. a3 Bxd2 21. Nxd2 Qd6
22. Raf1 Ne7 23. h3 Qa6 24. Qxa6 bxa6 25. Re1 Rc6 26. a4 Nf5 27. Ba3 Rf7 28.
Bc5 Ng3 29. Rf3 Nge4 30. Nxe4 Nxe4 31. b4 a5 32. b5 Rcc7 33. Kh2 Rf6 34. Rxe4
dxe4 35. Re3 Rd7 36. Rxe4 Kf7 37. g4 g5 38. fxg5 hxg5 39. Kg2 Kg6 40. Re5 Rc7
41. Kg3 Rcf7 42. d5 exd5 43. Rxd5 Rf4 44. Rxg5+ Kxg5 45. Be3 Kg6 46. Bxf4 Rd7
47. Be3 Rd3 48. Kf2 Ra3 49. Bxa7 Rxa4 50. Bb6 Ra3 51. h4 a4 52. h5+ Kf7 53. g5
Rh3 54. Bc7 Ke6 55. b6 a3 56. b7 Rb3 57. h6 a2 58. Be5 Rxb7 59. g6 Kxe5 0-1